| 000 | 00825nam a2200241 i 4500 | ||
|---|---|---|---|
| 001 | 18544 | ||
| 003 | ES-MaACL | ||
| 005 | 20250812051525.0 | ||
| 007 | t| | ||
| 008 | 011105s2001 sp ||||1| spa d | ||
| 020 | _a84-95580-13-6 | ||
| 080 | _a7.036 | ||
| 100 | 1 |
_aMartínez Muñoz, Amalia. _978270 |
|
| 245 | 1 | 0 |
_aArte y arquitectura del siglo XX / _cAmalia Martínez Muñoz. |
| 260 |
_aBarcelona : _bMontesinos, _c[2001] |
||
| 300 |
_a2 v. : _bil. ; _c18 cm. |
||
| 490 | 1 |
_aBiblioteca de divulgación temática ; _v72, 73 |
|
| 505 | 8 | _aContiene: v.1. Vanguardia y utopía social -- v.2. La institucionalización de las vanguardias | |
| 650 | 7 |
_aArte- _yS.XX _2 _9141916 |
|
| 830 | 0 |
_aBiblioteca de divulgación temática ; _v72, 73 _9178648 |
|
| 852 |
_aES-MaACL _jL-25118-19 _bR.130641 |
||
| 999 |
_c18544 _d18544 |
||